MARC

LEADER 00000nam0a2200000 4500
001 308121
005 20231102002048.0
010 |a 8301015381 
035 |a (RuTPU)RU\TPU\book\333430 
090 |a 308121 
100 |a 20151028d1980 k y0engy50 ba 
101 0 |a eng 
102 |a CA 
105 |a a z 101zy 
200 1 |a Semiconductor Optoelectronics  |e proceedings of the Second International School Cetniewo, 1978, May 6-13,1978, Wladyslawowo  |f Polish Academy of Sciences, Institute of Physics ; edited by M. A. Herman 
210 |a Toronto  |a New York  |c PWN - Polish Scientific Publishers  |d 1980 
215 |a 660 с.  |c il. 
320 |a Bibliography at the end reports 
606 1 |a Оптоэлектроника  |2 stltpush  |3 (RuTPU)RU\TPU\subj\47265  |9 66320 
610 1 |a электроника 
610 1 |a полупроводники 
610 1 |a оптоэлектронные приборы 
610 1 |a технологии 
610 1 |a инжекционные лазеры 
610 1 |a оптические системы 
610 1 |a связь 
610 1 |a английский язык 
675 |a 621.383(063)  |v 4 
702 1 |a Herman  |b M. A.  |g Marian  |4 340 
712 0 2 |a Polish Academy of Sciences, Institute of Physics 
712 1 2 |a Semiconductor Optoelectronics  |c International School Cetniewo  |d 2  |e Wladyslawowo  |4 570 
801 1 |a RU  |b 63413507  |c 20151028 
801 2 |a RU  |b 63413507  |c 20161014  |g RCR 
942 |c BK